| 000 | 00874nas a2200277 4500 | ||
|---|---|---|---|
| 001 | BR2012006267 | ||
| 003 | BR-BrBNA | ||
| 005 | 20231205121027.0 | ||
| 007 | ta | ||
| 008 | 230509b bl.|||p| |||| 00| 00por d | ||
| 040 |
_aBR-BrBNA _bpor _cBiblioteca Nacional de Agricultura |
||
| 041 | _a(Pt) | ||
| 072 | _aQ80 | ||
| 100 | 1 | _aNegreiros, R.J.Z. de | |
| 100 | 1 | _aHinz, R.H. | |
| 100 | 1 | _aStuker, H. | |
| 245 | 1 | _aEstimativa de peso médio de bananas verdes comercializadas em caixas de madeira por bananicultores na região do litoral norte catarinense | |
| 650 | _aBANANA | ||
| 650 | _aPESO | ||
| 650 | _aEMBALAGEM | ||
| 650 | _aCOMERCIALIZAÇÃO | ||
| 650 | _aDANO MECÂNICO | ||
| 773 | 0 |
_tAgropecuária Catarinense (Brazil) _xISSN 0103-0779 _g(Jul 2012), v. 25(2) p. 85-88 _wBR2012006267 |
|
| 909 |
_a202311 _bLúcia _c55 _dLúcia Elande |
||
| 942 |
_2AGRIS _n0 _cANA |
||
| 999 |
_c221525 _d221525 |
||